En Yakın Altı Ülke - Panama - Statistics

General Stats
  • This quiz has been taken 89 times
  • The average score is 3 of 6
Answer Stats
km ülke % Correct
0 Kosta Rika
79%
0 Kolombiya
66%
159 Nikaragua
52%
445 Venezuela
45%
568 Honduras
42%
652 Ekvador
12%
No matching quizzes found
Score Distribution
Percent of People with Each Score
Percentile by Number Answered
Your Score History
You have not taken this quiz